书目信息 |
| 题名: |
对外汉语词汇教与学
|
|
| 作者: | 方绪军 著 | |
| 分册: | ||
| 出版信息: | 北京 北京师范大学出版社 2008.08 |
|
| 页数: | 212页 | |
| 开本: | 23cm | |
| 丛书名: | ||
| 单 册: | ||
| 中图分类: | H195.3 | |
| 科图分类: | ||
| 主题词: | 汉语--词汇--教学研究--对外汉语教学 , 汉语 , 词汇 , 教学研究 , 对外汉语教学 | |
| 电子资源: | ||
| ISBN: | 978-7-303-09286-4 | |
| 000 | 00917nam0 2200289 450 | |
| 001 | 012004277229 | |
| 005 | 20091221093117.80 | |
| 010 | @a978-7-303-09286-4@dCNY33.50 | |
| 100 | @a20090115d2008 em y0chiy0110 ea | |
| 101 | 0 | @achi |
| 102 | @aCN@b110000 | |
| 105 | @ak z 000yy | |
| 106 | @ar | |
| 200 | 1 | @a对外汉语词汇教与学@9dui wai han yu ci hui jiao yu xue@f方绪军著 |
| 210 | @a北京@c北京师范大学出版社@d2008.08 | |
| 215 | @a212页@d23cm | |
| 300 | @a21世纪高等学校研究生教材 对外汉语专业系列教材 | |
| 330 | @a本书共分为十四章,包括对外汉语词汇教学面临的问题、教学词汇的选择与控制、词汇学习的难易、词义教学的途径与方法等内容。 | |
| 606 | 0 | @a汉语@x词汇@x教学研究@x对外汉语教学 |
| 606 | 0 | @a汉语 |
| 606 | 0 | @a词汇 |
| 606 | 0 | @a教学研究 |
| 606 | 0 | @a对外汉语教学 |
| 690 | @aH195.3@v4 | |
| 701 | 0 | @a方绪军@9fang xu jun@4著 |
| 801 | 0 | @aCN@bNLC@c20091221 |
| 905 | @b20798135-40@dH195.3@e299@f6 | |
| 对外汉语词汇教与学/方绪军著.-北京:北京师范大学出版社,2008.08 |
| 212页;23cm |
| 21世纪高等学校研究生教材 对外汉语专业系列教材 |
| ISBN 978-7-303-09286-4:CNY33.50 |
| 本书共分为十四章,包括对外汉语词汇教学面临的问题、教学词汇的选择与控制、词汇学习的难易、词义教学的途径与方法等内容。 |
| ● |
| 相关链接 |
|
|
|
|
正题名:对外汉语词汇教与学
索取号:H195.3/299
 
预约/预借
| 序号 | 登录号 | 条形码 | 馆藏地/架位号 | 状态 | 备注 |
| 1 | 798135 | 207981353 | 第二样本阅览室/ [索取号:H195.3/299] | 在馆 | |
| 2 | 798136 | 207981362 | 第四借阅区/ [索取号:H195.3/299] | 在馆 | |
| 3 | 798137 | 207981371 | 第四借阅区/ [索取号:H195.3/299] | 在馆 | |
| 4 | 798138 | 207981380 | 第四借阅区/ [索取号:H195.3/299] | 在馆 | |
| 5 | 798139 | 207981399 | 第四借阅区/ [索取号:H195.3/299] | 在馆 | |
| 6 | 798140 | 207981406 | 中文系资料室/ [索取号:H195.3/299] | 在馆 |